000 00474nam a2200181Ia 4500
001 9050
005 20260306160655.0
008 260306t2006||||xx |||||||||||||| ||spa||
041 _aESP
082 _a372.41
_bB25
100 _aBarreto Pinzón, Felisa
_eAUT
245 0 _aLeer y escribir:
_bdesarrollo de la lengua oral y escrita con significación
260 _c2006
300 _a320 páginas :
_c24 cm.
650 _aGEN
654 _aCED
942 _cLIB
_dJUS
_fJUS
_2ddc
_n
999 _c9050
_d9050